| 000 | 00882nam a2200253 u 4500 | ||
|---|---|---|---|
| 001 | 64116 | ||
| 005 | 20180714070835.0 | ||
| 008 | 160412s2011 sp a r 000 0 spa d | ||
| 020 | _a9788471126542 | ||
| 041 | _aspa | ||
| 082 | 0 |
_a616.85822390651 _bPER |
|
| 100 | 1 |
_aPereira Tercero, Roberto, _eautor |
|
| 245 | 1 | 0 |
_aPsicoterapia de la violencia filio-parental : _bentre el secreto y la vergüenza / _cpor Roberto Pereira (Coordinador). |
| 250 | _a[Primera edición] | ||
| 264 | 1 |
_aEspaña : _bEdiciones Morata, _c2011 |
|
| 300 |
_a255 páginas : _bilustraciones : ; _c24 cm. |
||
| 336 |
_atexto _2rdacontent |
||
| 337 |
_asin mediación _2rdamedia |
||
| 338 |
_avolumen _2rdacarrier |
||
| 490 | 0 | _aTemas: Psicología familia | |
| 650 | 4 |
_aViolencia _xPadres e hijos |
|
| 650 | 4 | _aAgresividad (Psicología) | |
| 650 | 4 |
_aPsicoteraía _xRelaciones de familia |
|
| 999 |
_c64116 _d64116 |
||